Albums Of 1983 - Statistics

General Stats
  • This quiz has been taken 54 times
  • The average score is 12 of 21
Answer Stats
Album Artist % Correct
Synchronicity The Police
96%
Let's Dance David Bowie
93%
Sweet Dreams (Are Made Of This) The Eurythmics
91%
War U2
82%
Rebel Yell Billy Idol
76%
She Works Hard For The Money Donna Summer
73%
Pyromania Def Leppard
67%
She's So Unusual Cyndi Lauper
64%
Eliminator ZZ Top
60%
Cuts Like A Knife Bryan Adams
58%
What A Feelin' Irene Cara
53%
Bark At The Moon Ozzy Osbourne
53%
Speaking In Tongues Talking Heads
53%
Kihnspiracy The Greg Kihn Band
51%
Kill 'Em All Metallica
49%
Texas Flood Stevie Ray Vaughan
49%
Kilroy Was Here Styx
44%
90125 Yes
40%
The Principle Of Moments Robert Plant
13%
You Can't Stop Rock 'n' Roll Twisted Sister
11%
Out For Blood Lita Ford
7%
No matching quizzes found
Score Distribution
Percent of People with Each Score
Percentile by Number Answered
Your Score History
You have not taken this quiz